| 000 | 00589nam a2200193 4500 | ||
|---|---|---|---|
| 001 | 133427 | ||
| 003 | ES-MaACL | ||
| 007 | t| | ||
| 008 | 070214s1975 sp r ||||1| spa d | ||
| 100 | 1 |
_aRuiz, David. _9176794 |
|
| 245 | 1 | 0 |
_aAsturias contemporánea _b: 1808-1836 / _cpor David Ruíz. |
| 250 | _a1ª ed. | ||
| 260 |
_aMadrid : _bSiglo XXI, _c1975. |
||
| 300 |
_a109 p. ; _c18 cm. |
||
| 490 | 1 | _aEstudios de Historia Contemporánea | |
| 830 | 0 | 0 |
_aEstudios de historia contemporánea (Siglo XXI) _9181254 |
| 852 |
_aES-MaACL _jE-7154 _bR.91497 |
||
| 999 |
_c133427 _d133427 |
||